000 00529nam a2200181Ia 4500
005 20250508163710.0
008 008 250505s9999 xx 000 0 eng d
037 _aTextual
040 _aFEDL
_beng
_cFEDL
041 _aeng
_2eng
084 _a491.2, MIS
_qFEDL
100 _aMishra Madhusudan
245 0 _aIntroduction to sanskrit : Sanskrit grammar and composition
260 _aDelhi, India
_bParimal Publications
_c1987
300 _axiii,384p.
942 _cTEXL
_h491.2, MIS
999 _c1384777
_d1384777